| 000 | 01148nac a22004450a 4500 | ||
|---|---|---|---|
| 001 | PT49513 | ||
| 003 | AR-LpoUNG | ||
| 005 | 20210201005456.0 | ||
| 008 | 201001s2011||||sp |||||||||||||||||spa d | ||
| 020 |
_a9788430608287 _c$10,80 |
||
| 040 |
_aAR-LpoUNG _bspa _eaacr |
||
| 041 | _aspa | ||
| 044 | _asp | ||
| 082 | 0 | _a982 314v3 | |
| 100 | 1 |
_aMíguez, Eduardo José _ecoor. |
|
| 245 | 1 | 3 |
_aLa apertura al mundo : _b1880-1930 |
| 260 |
_aMadrid : _bFundación MAPFRE - Santillana, _c2011. |
||
| 300 |
_a328, [36] p. : _bfot. _a(5 _fVolúmenes) _3Impreso |
||
| 490 | 0 | _aArgentina | |
| 650 | 4 | _aANALISIS HISTORICO | |
| 650 | 4 | _aARGENTINA | |
| 650 | 4 | _aCAMBIO SOCIAL | |
| 650 | 4 | _aCRISIS POLITICA | |
| 650 | 4 | _aCULTURA POPULAR | |
| 650 | 4 | _aELITE | |
| 650 | 4 | _aESTADO | |
| 650 | 4 | _aESTRUCTURA SOCIAL | |
| 650 | 4 | _aHISTORIA | |
| 650 | 4 | _aHISTORIA ECONOMICA | |
| 650 | 4 | _aHISTORIA POLITICA | |
| 650 | 4 | _aHISTORIA SOCIAL | |
| 650 | 4 | _aMOVILIDAD SOCIAL | |
| 650 | 4 | _aPOBLACION | |
| 650 | 4 | _aRECESION ECONOMICA | |
| 650 | 4 | _aREVOLUCION | |
| 651 | 4 | _aArgentina | |
| 653 | _aOLIGARQUIA | ||
| 905 | _a49513 | ||
| 942 | _cLIB | ||
| 999 |
_c49765 _d49765 |
||